Campañas institucionales en salud pública : el caso de la vacuna contra el virus VPH /
Uloženo v:
| Další autoři: | |
|---|---|
| Médium: | Elektronický zdroj E-kniha |
| Jazyk: | španělština |
| Vydáno: |
Madrid :
Dextra Editorial,
[2016]
|
| Témata: | |
| On-line přístup: | Digitalia Hispánica |
| Tagy: |
Přidat tag
Žádné tagy, Buďte první, kdo vytvoří štítek k tomuto záznamu!
|
MARC
| LEADER | 00000nam a2200000Ii 4500 | ||
|---|---|---|---|
| 001 | DIGDEXT0101 | ||
| 003 | NyNyDIG | ||
| 006 | m o d | ||
| 007 | cr ||||||||||| | ||
| 008 | 240808s2016 sp ob 000 0 spa d | ||
| 035 | |a (OCoLC)1452249288 | ||
| 040 | |a DGITA |b eng |e rda |e pn |c DGITA | ||
| 020 | |a 9788416277971 |q eBook | ||
| 020 | |z 9768416277964 | ||
| 050 | 1 | 4 | |a RC168.P15 ebook |
| 245 | 0 | 0 | |a Campañas institucionales en salud pública : |b el caso de la vacuna contra el virus VPH / |c Carolina Moreno Castro (ed.). |
| 264 | 1 | |a Madrid : |b Dextra Editorial, |c [2016] | |
| 300 | |a 1 online resource. | ||
| 336 | |a text |b txt |2 rdacontent | ||
| 337 | |a computer |b c |2 rdamedia | ||
| 338 | |a online resource |b cr |2 rdacarrier | ||
| 347 | |a text file |2 rdaft | ||
| 347 | |b PDF | ||
| 504 | |a Includes bibliographical references. | ||
| 588 | 0 | |a Online resource; title from PDF title page (Digitalia, viewed August 8, 2024) | |
| 650 | 0 | |a Papillomaviruses. | |
| 700 | 1 | |a Moreno Castro, Carolina, |e editor. | |
| 791 | 2 | |a Digitalia (Firm), |e distributor. | |
| 793 | 0 | |g Digitalia eBook Collection: |a Dextra Editorial | |
| 776 | 0 | 8 | |i Print version: |t Campañas institucionales en salud pública. |d Madrid : Dextra Editorial, [2016] |z 9768416277964 |
| 856 | 4 | 0 | |3 Digitalia Hispánica |u https://digitalia.unach.elogim.com/a/158270/ |
| 910 | |a Premium collection: 2024 | ||